Войните на розите : Буревестник (Запис номер 203839)
[ съкратено ]
| 000 -Лидер | |
|---|---|
| Контролно поле с фиксирана дължина | 01662nam a2200373 c 4500 |
| 003 - Код на организацията, давaща контролен номер | |
| Контролно поле | BLK |
| 005 - Дата и час на последна редакция | |
| Контролно поле | 20231102152742.0 |
| 008 - Елементи от данни с фиксирана дължина | |
| fixed length control field | 180411b bul|||||r ||||||| ||bul|| |
| 010 ## - Наследен системен номер | |
| LC control number | KNG00213380000 |
| 020 ## - Международен стандартен номер на книга ISBN | |
| Международен стандартен номер на книга ISBN | 978-619-214-005-2 |
| -- | издат.: Алма |
| 040 ## - Източник на каталожния запис | |
| Идентификатор на билиотеката - собственик на записа | BLK |
| 041 ## - Код за език | |
| Код за езика на текст/звукозапис или на отделно заглавие | Български |
| Код за езика КДБФ | Български |
| 072 #7 - Код за тематичната категория | |
| Код организация | bullib |
| Код за тематична категория | Н83 |
| Текст | Чужда художествена литература Н |
| 080 ## - УДК | |
| Текстов определител УДК | Английска литература |
| УДК код - определител по УДК | 821.111 |
| УДК определител | -311.6 |
| УДК - код + определител | 821.111-311.6 |
| 100 1# - Редна дума - Автор | |
| Автор | Игълдън, Кон, 1971- |
| Авторска отговорност | първи автор |
| Пълна форма на името | англичанин |
| R(LIN) | 72064 |
| 139 ## - Редно поле | |
| Редна дума | Игълдън, Кон |
| Авторски знак | Игр - И 30 |
| 245 10 - Сведения за заглавието | |
| Заглавие | Войните на розите : Буревестник |
| Подзаглавни данни | Роман |
| Редно поле (дума) | Кон Игълдън; прев. от англ. Анелия Александрова Данилова. |
| 257 ## - Страна на издаване | |
| Страна на създаване/издаване | Великобритания |
| 260 ## - Област на издателските данни | |
| -- | Пловдив |
| Име на издателя, разпространителя и проч. | Алма |
| Година на издаване | 2016 |
| Печатница | Пловдив : Булвест принт |
| 300 ## - Физическа характеристика | |
| Страници | 503 с. |
| Илюстрации и др. | с ил. |
| Размери/Мащаб | 21 см |
| 380 ## - Жанр | |
| Жанр | Худож. лит. |
| 490 1# - СЕРИИ (Колекции) | |
| Име на серия | Войните на розите |
| №: серия | кн. 1 |
| 500 ## - Общи забележки | |
| Забележка | Ориг. загл. Wars of the Roses : Stormbird / Conn Iggulden. - Библиогр. каре загл. Буревестник. |
| 653 ## - Ключова дума – ненормативна | |
| Ключова дума | исторически романи |
| 653 ## - Ключова дума – ненормативна | |
| Ключова дума | саги |
| 659 ## - Тематичен бюлетин | |
| Тематичен бюлетин | Н |
| 700 1# - Други автори (авторска отговорност) | |
| Лично име | Данилова, Анелия Александрова |
| Дати, свързани с автора | 1957 - |
| Друга информация | Преводач от английски език |
| 9 (RLIN) | 58525 |
| 852 ## - Местоположение | |
| Форматна сигнатура | Цб 287635 |
| 856 4# - Електронен адрес и достъп | |
| Електронен формат | pdf - файл |
| Път до файла /url/ | |
| 856 4# - Електронен адрес и достъп | |
| Електронен формат | pdf - файл |
| Път до файла /url/ | |
| 942 ## - АРТИКУЛИ | |
| Вид на библиотечния материал | Книги |
| Скрит в OPAC | Не |
| Koha issues (borrowed), all copies | 22 |
| 944 ## - СЪЗДАВАНЕ И РЕДАКЦИЯ на ЗАПИСА | |
| Създаване/Редакция | Създаване |
| Дата на регистрацията/редакция | 18.10.2017 |
| Статус, дата на статуса | Геновева Генчева |
| Служител, извършил регистрацията/редакцията | 30560 |
| 944 ## - СЪЗДАВАНЕ И РЕДАКЦИЯ на ЗАПИСА | |
| Създаване/Редакция | Редакция |
| Дата на регистрацията/редакция | 27.11.2017 |
| Статус, дата на статуса | ф / |
| Служител, извършил регистрацията/редакцията | Людмила_Стоянова |
| 999 ## - СИСТЕМНИ КОНТРОЛНИ НОМЕРА | |
| Koha biblionumber | 203839 |
| Koha biblioitemnumber | 203839 |
| Код за отписване | Код за изгубен артикул | Код за повреда | Коз за рестрикции | Код за отдаване | Артикулен № | Име на библиотеката - собственик | Име на библиотеката, в която се намира в момента | Статус (Текущо местоположение) | Дата на вписване в системата | Местоположение - отдел | Цена в лева | Инвентарен номер | Систематично азбучна сигнатура | Баркод | Номер на екземпляра | Цена в евро | Служебна бележка | Служебен тип на артикула | Източник на класификационната схема |
|---|---|---|---|---|---|---|---|---|---|---|---|---|---|---|---|---|---|---|---|
| Не е изгубен | Не е повреден | без рестрикции | ползва се в читалня | 351796 | Регионална библиотека "Любен Каравелов" Русе | Регионална библиотека "Любен Каравелов" Русе | Хранилище | 2017-10-25 | Хранилище | 19.00 | 120000816130 | Цб 287635 | 120000816130 | 1 | 9.71 | Дост: Dp Вид: Д N: 37 Дата: 15.08.2017 | Книги | ||
| Не е изгубен | Не е повреден | заемане за дома | 748241 | Регионална библиотека "Любен Каравелов" Русе | Регионална библиотека "Любен Каравелов" Русе | Заемна - подръчен фонд | 2019-10-26 | Заемна - подръчен фонд | 16.15 | П 820-31/И 30 | 120000837130 | 8.26 | Книги | Universal Decimal Classification |